dessins animés - Statistiques

Statistiques générales
  • Ce quiz a été pris 38 fois
    13 depuis la dernière actualisation
  • Le résultat moyen est 11 sur 40
Statistiques - réponses
Par images Réponse % Correct
Scooby doo
92%
Heidi
83%
Oggy et les cafards
83%
Tom et Jerry
83%
Les Simpsons
75%
Winnie L ourson
75%
Albator
67%
Popeye
67%
Les fous du volant
58%
Les schtroumpfs
58%
Snoopy
58%
Titi et Grosminet
58%
Candy
50%
Tom Sawyer
50%
Satanas et Diabolo
25%
Capitaine caverne
17%
Droopy
17%
Flipper le dauphin
17%
Pif et Hercule
17%
Cobra
8%
Les 3 mousquetaires
8%
Mafalda
8%
Mister Magoo
8%
Vic le viking
8%
Bip bip coyote
0%
Docteur Snuggles
0%
Eckle et Jeckle
0%
Gedeon
0%
Harlem Globe Trotters
0%
Hong kong foufou
0%
la Noiraude
0%
Le croque monstre show
0%
Les petites canailles
0%
Mumbly
0%
Rody le petit cide
0%
Squidli Didli
0%
Tofffsy
0%
Ursul et Momo
0%
Wally Gator
0%
Watoo Watoo
0%
Aucun quiz correspondant
Distribution des résultats
% des personnes avec chaque résultat
Percentile par nombre de réponses
Votre historique - résultats
Vous n’avez pas pris ce quiz depuis la dernière actualisation